000 00697nam a22002657a 4500
001 BR0002146
003 BR-BrBNA
005 20230928100637.0
007 ta
008 230509b bl.||||| |||| 00| 0 por d
040 _aBR-BrBNA
_bpor
_cBiblioteca Nacional de Agricultura
041 _a(Por)
072 _aE71
090 _ E71 BR0002146
100 1 _aSerra, J.
110 1 _aSenado Federal, Brasilia, DF (Brasil)
_99266
245 1 _aAlca, o MERCOSUL e a abertura externa brasileira
260 3 _aBrasilia, DF (Brasil):
_c1997.
300 _a20 p.
500 _a14 ref.
650 _aComercio Exterior
650 _aMERCOSUL
909 _a202309
_bLucia
_c55
_dLucia Elande
942 _cBK
999 _c62169
_d62169